Villes aléatoires sur une carte par lettre - H - Statistiques

Statistiques générales
  • Ce quiz a été pris 774 fois
  • Le résultat moyen est 3 sur 5
Réponses sur la Carte
Les réponses sont colorées sur une échelle allant du rouge au vert en fonction du pourcentage des utilisateurs qui les ont devinées à leur premier essai. Vous pouvez retrouver ces pourcentages ci-dessous.
 
Statistiques - réponses
Ville % Correct
Helsinki
96%
Hamburg
93%
Houston
85%
Hanoï
84%
Honolulu
80%
Hong Kong
75%
Hô-Chi-Minh-Ville
69%
Harare
63%
Hiroshima
57%
Hanovre
56%
Haifa
48%
Honiara
36%
Hyderabad
36%
Halifax
28%
Harbin
15%
Hermosillo
4%
Aucun quiz correspondant
Distribution des résultats
% des personnes avec chaque résultat
Percentile par nombre de réponses
Votre historique - résultats
Vous n’avez pas pris ce quiz